=LDR 00000nam 2200000 4500 =001 INLIS000000000030017 =005 20130612132212 =008 ***********************************Ind** =035 ##$$0010-061300000030017 =041 ##$$a Ind =082 ##$$a 378.199 =090 ##$$a 378.199, Ham s =100 ##$$a Hamalik, Oemar =245 ##$$a Sistem internship kependidikan teori dan praktek, Oemar Hamalik =260 ##$$a 1990 $b Bandung =300 ##$$a xiv, 206 hlm, 22 cm =650 ##$$a Teori Kependidikan =850 ##$$a NBPNMAT